000 01119nam a2200313 a 4500
005 20180803164930.0
008 140122b1999 ck ||||| |||| 00| 0 spa d
040 _cCO-Boih
041 _aspa
044 _ack
090 _aIAVH
_b00266
110 _bInstituto de Investigación de Recursos Biológicos "Alexander von Humboldt". Programa de Política y Legislación
_94261
245 _aAcuerdo sobre los aspectos de los derechos de propiedad intelectual relacionados con el comercio de la OMC
260 _aBogotá
_bInstituto Alexander von Humboldt
_c1999
300 _a74 p.
650 _aPropiedad intelectual
_929216
650 _aComercio
_929217
650 _aOrganización Mundial del Comercio
_94387
650 _aConservación ex situ
_94301
650 _aConservación in situ
_93264
650 _aAcceso a recursos genéticos
_94137
650 _aCooperación internacional
_929218
650 _aMonitoreo ambiental
_93935
650 _aImpacto ambiental
_992215
650 _aFinanciación
_929220
650 _aBiotecnología
_929221
650 _aBioseguridad
_929222
942 _cINFORME
_2z
_02
999 _c1733
_d1733